000 00340nam a22001457a 4500
008 250417b ||||| |||| 00| 0 eng d
020 _a9789928192042
041 _aSHQIP
080 _22014
_a82HUG
082 _282HUG
_a82HUG
100 _a01
101 _aGJUHE SHQIPE
245 _aKATEDRALJA E PARISIT
_cVIKTOR HUGO
942 _2udc
_cBK
999 _c60663
_d60663